000 01433nam a2200337 a 4500
003 BLK
005 20230802161142.0
007 ta
008 221104b bu |||||r|||| 00| | bu d
040 _aBLK
041 _aBUL
_cBUL
080 _9234031
_aЛитература на отделни езици и езикови семейства
_b821
_z821(082)
084 _aА 75
245 _aАнтология за морето
_bИз творчеството на големите поети
_cСъстав. Коля Лазурин
260 _9441842
_aСофия
_bб. и.
_c1938
_fСофия : Задружен труд
300 _a64 с.
_c19 см
380 _aX
500 _aКор. загл. Чайки над морето. - Съдържа произведения от Дж. Байрон, П. Шели, А. С. Пушкин, М. Ю. Лермонтов, Х. Хайне, Й. Гьоте, Ш. Бодлер, В. Юго, П. Верлен, Едгар По, Д`Анунцио и др. - Автограф: На Рус. окр. библиотека. 28.ХІ.67
700 _91478
_aЛазурин, Каля
_eсъстав.
852 _bК
_c821/А 75
856 _i0.00
_ldisable
942 _cKNG
_n0
944 _aCR
_c2023-07-05
_k30558
_lВаля Йорданова
999 _c491819
_d491819
999 _d491819
999 _d491819
999 _d491819
999 _d491819
999 _d491819
999 _d491819
999 _d491819